| 000 | 01256nam a22003497a 4500 | ||
|---|---|---|---|
| 003 | EG-ScBUE | ||
| 005 | 20220622130818.0 | ||
| 008 | 110523s2008 enka f 000 0 eng d | ||
| 020 | _a9781405881968 | ||
| 020 | _a9781405879224 (CD-ROM) | ||
| 040 |
_aEG-ScBUE _beng _erda _cEG-ScBUE _dEG-ScBUE |
||
| 082 |
_222 _a508.495 _bDUR |
||
| 100 | 1 |
_924034 _aDurrell, Gerald _d1925-1995, _eauthor. |
|
| 245 | 1 | 0 |
_aMy Family and other animals / _cGerald Durrell ; retold Jocelyn Potter, Andy Hopkins. |
| 264 | 1 |
_aHarlow, England : _bPearson Education Limited, _c2008. |
|
| 300 |
_a43 pages : _billustrations ; _c20 m + _e1 CD |
||
| 336 |
_2rdacontent _atext _btxt |
||
| 336 |
_2rdacontent _asounds _bsnd |
||
| 337 |
_2rdamedia _aunmediated _bn |
||
| 337 |
_2rdamedia _aaudio _bs |
||
| 338 |
_2rdacarrier _avolume _bnc |
||
| 338 |
_2rdacarrier _acomputer disc _bcd |
||
| 490 | 0 |
_aPenguin readers ; _vlevel 3 |
|
| 521 | _aA2: Pre-Intermediate | ||
| 650 | 7 |
_924035 _aNatural history _zGreece _zCorfu Island. _2BUEsh |
|
| 651 | 7 |
_aCorfu Island (Greece) _xDescription and travel. _2BUEsh |
|
| 653 |
_cMay2011 _bGGEN |
||
| 655 |
_vReading book _934232 |
||
| 700 | 1 |
_95718 _aPotter, Jocelyn, _econtributor. |
|
| 700 | 1 |
_95717 _aHopkins, Andy, _econtributor. |
|
| 942 |
_2ddc _cBB |
||
| 999 |
_c15364 _d15364 |
||